The Himalayan face-off : (Record no. 83847)

MARC details
000 -LEADER
fixed length control field 00606nam a22001817a 4500
005 - DATE AND TIME OF LATEST TRANSACTION
control field 20150817113523.0
010 ## - LCCN (DPL NO)
LC control number ENG-109822
020 ## - INTERNATIONAL STANDARD BOOK NUMBER
International Standard Book Number 9789350095799
Terms of availability 650.00
035 ## - SYSTEM CONTROL NUMBER
System control number EN-93355
037 ## - SOURCE OF ACQUISITION
Source of stock number/acquisition DBAD/PUB
082 ## - DEWEY DECIMAL CLASSIFICATION NUMBER
Classification number 327.54051
100 ## - MAIN ENTRY--PERSONAL NAME
Personal name Gupta, Shishir
245 00 - TITLE STATEMENT
Title The Himalayan face-off :
Statement of responsibility, etc by Shishir Gupta
Remainder of title Chinese assertion and the Indian riposte /
260 ## - PUBLICATION, DISTRIBUTION, ETC. (IMPRINT)
Place of publication, distribution, etc Gurgaon
Name of publisher, distributor, etc Hachette Book Publishing
Date of publication, distribution, etc 2014
270 ## - ADDRESS
Address 4th and 5th Floors, Corporate Centre Plot No. 94, Sector 44
City Gurgaon
Postal code 122003
300 ## - PHYSICAL DESCRIPTION
Extent xii,328p.
Dimensions 24cm(Hb)
942 ## - ADDED ENTRY ELEMENTS (KOHA)
Source of classification or shelving scheme Dewey Decimal Classification
Item type English Books
Call number suffix GUP
Classification part 327.54051
Holdings
Withdrawn status Lost status Not for loan Collection code Home library Current library Date acquired Source of acquisition Cost, normal purchase price Full call number Barcode Copy number Cost, replacement price Koha item type
    Not For Loan Non-fiction D.B.Act.Division D.B.Act.Division 28/04/2014 DBAD/PUB 650.00 327.54051 GUP EN-93355 1 650.00 English Books

© Delhi Public Library
Hit Counter
free hit counter